Datum a čas kvízu
30.5
Celkem bodů
Celkový počet nahraných bodů na tomto kvízu bez doplňovacích otázek.
8.
Pořadí na kvízu
Konečné umístění týmu na tomto kvízu.
Zaznamenané odpovědi
| # | Otázka | Odpověď | Body | Výsledky |
|---|---|---|---|---|
| 1. | V Olomouci byli minulý týden p... | propisku | 0 | |
| 2. | Malajsie a Indonésie se jako p... | Grok | 1 | |
| 3. | Jakub Hrůša získal minulý týde... | dirigent (hudební ředitel) | 1 | |
| 4. | Mladoboleslavská automobilka p... | Epiq; Peaq | 0.5 | |
| 5. | Česká republika získala zásluh... | krasobruslení | 1 | |
| 6. | Vaším úkolem v tématu bude odh... | červená, žlutá | 0.5 | |
| 7. | Teď se podíváme na domácí fotb... | čtyři | 0 | |
| 8. | Pojďme na hokej. Olomoucký koh... | červenou | 1 | |
| 9. | Na základě zobrazených barev l... | New York Knicks | 0 | |
| 10. | Které americké město oslavuje... | Pittsburgh | 0 |